000 004830000a22001930004500
001 000833
003 MACL
005 20151018162935.0
008 151018b xxu||||| |||| 00| 0 eng d
040 _aMACL
_cMACL
041 _aEnglish
082 _a954.01/CHA
100 _aChatterjee, Mitali
_915951
245 _aEducation In Ancient India
_cMitali Chatterjee
260 _aNew Delhi
_c1999
_bD.K. Printworld,
350 _a380
650 _a History
_915952
942 _k954
_cBK
_2ddc
999 _c831
_d831